000 00522cam a2200157 4500500
005 20260405002132.0
041 _afre
042 _adc
245 0 0 _aManifeste Incertain. Liberté obligatoire. Gobineau l’irrécupérable
260 _c2015.
500 _a1
690 _aFrédéric Pajak
690 _aGobineau
786 0 _nPhilosophie magazine | 95 | 12-1 | 2015-12-01 | p. 95-95 | 1951-1787
856 4 1 _uhttps://shs.cairn.info/magazine-philosophie-magazine-2015-12-1-page-95?lang=fr&redirect-ssocas=7080
999 _c2054610
_d2054610